|
|
|
|
| LEADER |
01830nam a22004334a 4500 |
| 001 |
EBC295047 |
| 003 |
MiAaPQ |
| 005 |
20200520144314.0 |
| 006 |
m o d | |
| 007 |
cr cn||||||||| |
| 008 |
020410s2003 caua sb 001 0 eng |
| 010 |
|
|
|z 2002005732
|
| 020 |
|
|
|z 085199637X
|
| 035 |
|
|
|a (MiAaPQ)EBC295047
|
| 035 |
|
|
|a (Au-PeEL)EBL295047
|
| 035 |
|
|
|a (CaPaEBR)ebr10060555
|
| 035 |
|
|
|a (CaONFJC)MIL83366
|
| 035 |
|
|
|a (OCoLC)437181705
|
| 040 |
|
|
|a MiAaPQ
|c MiAaPQ
|d MiAaPQ
|
| 050 |
|
4 |
|a HD9259.B3
|b E773 2003
|
| 082 |
0 |
4 |
|a 382/.414772/098
|2 21
|
| 245 |
0 |
0 |
|a Banana wars
|h [electronic resource] :
|b the anatomy of a trade dispute /
|c edited by T.E. Josling and T.G. Taylor.
|
| 260 |
|
|
|a California :
|b Institute for International Studies Stanford University,
|c c2003.
|
| 300 |
|
|
|a x, 210 p. :
|b ill.
|
| 504 |
|
|
|a Includes bibliographical references and index.
|
| 533 |
|
|
|a Electronic reproduction. Ann Arbor, MI : ProQuest, 2015. Available via World Wide Web. Access may be limited to ProQuest affiliated libraries.
|
| 610 |
2 |
0 |
|a World Trade Organization.
|
| 650 |
|
0 |
|a Banana trade
|z European Union countries.
|
| 650 |
|
0 |
|a Banana trade
|z Latin America.
|
| 650 |
|
0 |
|a Banana trade
|z Caribbean Area.
|
| 651 |
|
0 |
|a European Union countries
|x Foreign economic relations
|z Latin America.
|
| 651 |
|
0 |
|a Latin America
|x Foreign economic relations
|z European Union countries.
|
| 651 |
|
0 |
|a European Union countries
|x Foreign economic relations
|z Caribbean Area.
|
| 651 |
|
0 |
|a Caribbean Area
|x Foreign economic relations
|z European Union countries.
|
| 655 |
|
4 |
|a Electronic books.
|
| 700 |
1 |
|
|a Josling, Tim,
|d 1940-
|
| 700 |
1 |
|
|a Taylor, T. Geoffrey
|q (Thomas Geoffrey),
|d 1918-
|
| 710 |
2 |
|
|a ProQuest (Firm)
|
| 856 |
4 |
0 |
|u https://ebookcentral.proquest.com/lib/matrademy/detail.action?docID=295047
|z Click to View
|